000 00837nam a2200253 i 4500
001 73413
003 ES-MaACL
005 20230906171810.0
007 t|
008 041008s2004 sp a |||| | spa d
020 _a84-7522-875-5
080 _a791/792(460)"18"
080 _a008(460)"18"
245 0 0 _aOjos que ven, ojos que leen
_b: textos e imágenes en la España Isabelina /
_cMarie-Linda Ortega (ed.).
260 _aMadrid :
_bVisor Libros,
_c[2004]
300 _a216 p. :
_bil. ;
_c21 cm.
490 1 _aBiblioteca filológica hispana ;
_v75
650 4 _aEspectáculos-
_zEspaña-
_yS.XIX.
_912488
650 4 _aLibros y lectura-
_zEspaña-
_yS.XIX.
_9161503
700 1 _aOrtega, Marie-Linda.
_987422
830 0 _aBiblioteca filológica hispana ;
_v75
_9179654
852 _aES-MaACL
_jL-28212
999 _c73413
_d73413